000 00439nam a2200157Ia 4500
008 240729s9999 xx 000 0 und d
022 _a2311-1550
245 0 _aJournal of Learning for Development
260 _aCanada
260 _bCommonwealth of Learning
650 _a Theory and practice of education
650 _aEducation
856 _uhttps://doaj.org/toc/ca5e55c86672444198f0f6cfc9408e10
942 _2ddc
942 _cDOAJEJ
999 _c65877
_d65877
945 _a1
_bMadushi Gamage
_c1
_dMadushi Gamage